000 01084nam a2200277Ia 4500
003 GCL
008 140319s9999 xx 000 0 ara d
020 _a5836081977
040 _aGCL /
_cGCL
082 0 4 _a004.678
_bع إ
100 1 _aعلى شعبان
245 1 0 _aالانترنت فى خطوات :
_bمع أكثر من 600 موقع مصرى على الإنترنت /
_cعلى شعبان
250 _aالاولى
260 _aالقاهرة :
_bأطلس للنشر والانتاج الاعلامى ،
_c2004
300 _a80 ص ؛
_c24 سم
650 0 4 _aالإنترنت
650 0 4 _aالإنترنت - مواقع العربية
650 0 4 _aالإنترنت - مواقع اسلامية
650 0 4 _aالإنترنت - مواقع الأسرة
650 0 4 _aالإنترنت - مواقع أدبية
650 0 4 _aالإنترنت - مواقع تجارية
650 0 4 _aالإنترنت - مواقع إقتصادية
650 0 4 _aالإنترنت - مواقع المعاهد
650 0 4 _aالإنترنت - مواقع ترفيهية
942 _2ddc
_cBK
999 _c9336
_d9336